000 00540pab a2200181 454500
008 180718b2007 xxu||||| |||| 00| 0 eng d
100 _aBaber, Walter F.
245 _aProblematic participants in deliberative democracy: experts, social movements, and environmental justice
260 _c2007
300 _ap.5-22.
362 _aJan
650 _aEnvironmental legislation
650 _aSocial movements
700 _aBartlett, Robert V.
773 _aInternational Journal of Public Administration
908 _aN
909 _a74925
999 _c74925
_d74925